[Event "Trapani Province-ch"]
[Site "Erice"]
[Date "2010.01.24"]
[Round "6"]
[White "Savalla, Gianluca"]
[Black "Bucaria, Ester"]
[Result "1-0"]
[WhiteElo "1410"]
[BlackElo "1224"]
[PlyCount "85"]
[EventDate "2010.01.10"]
[EventType "swiss"]
[EventRounds "6"]
[EventCountry "ITA"]
[SourceTitle "EXT 2024"]
[Source "ChessBase"]
[SourceDate "2023.10.10"]
[SourceVersion "1"]
[SourceVersionDate "2023.10.10"]
[SourceQuality "1"]

1. d4 d5 2. Bf4 Nc6 3. Nc3 a6 4. e3 Nf6 5. Nf3 h6 6. Bd3 Nb4 7. 0-0 Nxd3 8. Qxd3 e6 9. e4 Be7 10. e5 Nh5 11. Be3 0-0 12. g4 Bd7 13. gxh5 f5 14. exf6 Rxf6 15. Kh1 Rxf3 16. Rg1 Bf8 17. Qg6 Be8 18. Qg4 Qf6 19. Bxh6 Rxf2 20. Be3 Rxc2 21. Raf1 Qe7 22. Bg5 Qd6 23. Bf4 Qe7 24. Bg3 Rxb2 25. Bh4 Qd6 26. Bg3 Qe7 27. h6 Kh7 28. hxg7 Bxg7 29. Bh4 Qd7 30. Re1 e5 31. Qg5 Qf7 32. Rgf1 Bh6 33. Rxf7+ Bxf7 34. Qf5+ Kg7 35. Rb1 Rb6 36. Rxb6 cxb6 37. Qxe5+ Kg6 38. Nxd5 Bxd5+ 39. Qxd5 Rf8 40. Qd6+ Kg7 41. Qxb6 Rf6 42. Qxf6+ Kh7 43. Qf7+ 1-0